Les personnages de Captain America : Brave New World - #35 - Statistiques

Statistiques générales
  • Ce quiz a été pris 7 fois
  • Le résultat moyen est 4 sur 10
Statistiques - réponses
Réponse % Correct
Joaquin Torres / Falcon
100%
Sam Wilson / Captain America
71%
Thaddeus Ross / Red Hulk
57%
Isaiah Bradley
29%
Ruth Bat-Seraph / Sabra
29%
Samuel Sterns
29%
Seth Voelker / Sidewinder
29%
Betty Ross
14%
Bucky Barnes / Soldat de l'Hiver
14%
Ozaki
14%
Aucun quiz correspondant
Distribution des résultats
% des personnes avec chaque résultat
Percentile par nombre de réponses
Votre historique - résultats
Vous n’avez pas pris ce quiz